[Event "Olimpiada de Khanty-Mansiysk 2010"]
[Site "Khanty-Mansiysk RUS"]
[Date "2010.09.23"]
[Round "3.3"]
[White "Warner, Delisle"]
[Black "Shukuraliev, Algis"]
[Result "0-1"]
[WhiteElo "2240"]
[BlackElo "2332"]
[PlyCount "68"]
[EventDate "2010.09.21"]
[EventType "team"]
[EventRounds "11"]
[EventCountry "RUS"]
[Source "lmi"]
[SourceDate "2010.09.21"]
[WhiteTeam "Barbados"]
[BlackTeam "Kyrgyzstan"]
[WhiteTeamCountry "BAR"]
[BlackTeamCountry "KGZ"]

1. d4 Nf6 2. c4 g6 3. Nc3 Bg7 4. e4 d6 5. f4 O-O 6. Nf3 c5 7. d5 e6 8. Be2 exd5
9. cxd5 Re8 10. e5 dxe5 11. fxe5 Ng4 12. e6 fxe6 13. d6 Qb6 14. O-O Ne5 15.
Nxe5 Bxe5 16. Ne4 Nd7 17. Bc4 Bg7 18. Qf3 Rf8 19. Bxe6+ Kh8 20. Qh3 Rxf1+ 21.
Kxf1 Qb5+ 22. Kg1 Qe2 23. Be3 Nb6 24. Nxc5 Bxe6 25. Qxe6 Qxb2 26. Re1 Qc3 27.
Bf2 Bd4 28. Nxb7 Rb8 29. d7 Nxd7 30. Nd6 Nc5 31. Nf7+ Kg7 32. Qe2 Qxe1+ 33.
Qxe1 Bxf2+ 34. Qxf2 Rb1+ 0-1

[Event "Olimpiada de Khanty-Mansiysk 2010"]
[Site "Khanty-Mansiysk RUS"]
[Date "2010.09.23"]
[Round "3.4"]
[White "Samakov, Nurdin"]
[Black "Del Castilho, Martyn"]
[Result "1-0"]
[WhiteElo "2356"]
[BlackElo "2218"]
[PlyCount "73"]
[EventDate "2010.09.21"]
[EventType "team"]
[EventRounds "11"]
[EventCountry "RUS"]
[Source "lmi"]
[SourceDate "2010.09.21"]
[WhiteTeam "Kyrgyzstan"]
[BlackTeam "Barbados"]
[WhiteTeamCountry "KGZ"]
[BlackTeamCountry "BAR"]

1. e4 e5 2. Nf3 Nc6 3. Bb5 a6 4. Ba4 Nf6 5. Nc3 Be7 6. d3 b5 7. Bb3 d6 8. a4 b4
9. Nd5 Rb8 10. a5 O-O 11. Bc4 Nxd5 12. exd5 Na7 13. Be3 c5 14. O-O Nb5 15. Nd2
Kh8 16. f4 exf4 17. Bxf4 f5 18. Nb3 Bf6 19. Ra2 Rb7 20. Be3 Be5 21. Bf4 Bxf4
22. Rxf4 Re8 23. d4 Qg5 24. Qd2 cxd4 25. Nxd4 Nxd4 26. Rxd4 Qxd2 27. Rxd2 Rc7
28. Rd4 Rc5 29. Ra4 h6 30. Bb3 Bd7 31. Raxb4 Rxa5 32. Rb6 Ra1+ 33. Kf2 Bb5 34.
c4 Rae1 35. Rd2 Bd7 36. Rxd6 Bc8 37. Ba4 1-0

[Event "Olimpiada de Khanty-Mansiysk 2010"]
[Site "Khanty-Mansiysk RUS"]
[Date "2010.09.23"]
[Round "3.1"]
[White "Khetho, Phemelo"]
[Black "Khader, Sami"]
[Result "1/2-1/2"]
[WhiteElo "2266"]
[BlackElo "2449"]
[PlyCount "200"]
[EventDate "2010.09.21"]
[EventType "team"]
[EventRounds "11"]
[EventCountry "RUS"]
[Source "lmi"]
[SourceDate "2010.09.21"]
[WhiteTeam "Botswana"]
[BlackTeam "Jordania"]
[WhiteTeamCountry "BOT"]
[BlackTeamCountry "JOR"]

1. Nf3 Nf6 2. g3 g6 3. Bg2 Bg7 4. O-O O-O 5. c4 d6 6. d4 Nc6 7. Nc3 a6 8. d5
Na5 9. Qa4 c5 10. dxc6 Nxc6 11. Rd1 Bd7 12. Qa3 Qa5 13. Qxa5 Nxa5 14. c5 dxc5
15. Ne5 Bf5 16. Be3 Rac8 17. Na4 Bc2 18. Nb6 Bxd1 19. Nxc8 Rxc8 20. Rxd1 e6 21.
f4 Ne8 22. Rd7 Bxe5 23. fxe5 b5 24. b3 b4 25. Ra7 c4 26. Rxa6 cxb3 27. axb3
Nxb3 28. Rb6 Na1 29. Bb7 Rb8 30. Rxb4 Nc2 31. Ba7 Nxb4 32. Bxb8 f5 33. exf6
Nxf6 34. Be5 Kf7 35. h3 Nbd5 36. g4 Nd7 37. Bd6 N7f6 38. Kg2 Ne4 39. Be5 Nc5
40. Bc6 Ne7 41. Bb5 g5 42. Bd4 Nb7 43. Ba6 Nd8 44. e4 Ndc6 45. Be3 Kf6 46. Bb5
Nd8 47. e5+ Kxe5 48. Bxg5 Nec6 49. Bd3 Nf7 50. Bd2 h6 51. Bg6 Ncd8 52. h4 Kf6
53. Bc2 Nc6 54. Kg3 Nd4 55. Bd3 e5 56. Bc4 Nd6 57. Bd5 Kg6 58. Bb4 Ne8 59. Be4+
Kg7 60. Bd3 Kf6 61. Bf8 Ng7 62. Bc4 Kg6 63. Bb4 h5 64. Bd3+ Kf6 65. Bd2 Nde6
66. Bc4 Kg6 67. Bd3+ Kf6 68. g5+ Ke7 69. Bb4+ Kd7 70. Kf3 Nf4 71. Bc2 Ke6 72.
Ke4 Ng6 73. Bb3+ Kd7 74. Ba4+ Ke6 75. Bb3+ Kd7 76. Be1 Ke7 77. Bg3 Kf8 78. Bd1
Kg8 79. Be2 Kh7 80. Bc4 Ne8 81. Kd5 Kg7 82. Bxe5+ Nxe5 83. Kxe5 Kg6 84. Bd3+
Kf7 85. Be2 Ng7 86. Bc4+ Kg6 87. Bd3+ Kf7 88. g6+ Ke7 89. Be2 Ne8 90. Bxh5 Kf8
91. Bf3 Kg7 92. h5 Nf6 93. Kf5 Nh7 94. Bd1 Nf8 95. Bc2 Nh7 96. Bb1 Nf8 97. Be4
Nh7 98. Bd3 Nf8 99. Kg4 Kh6 100. Be2 Nxg6 1/2-1/2

[Event "Olimpiada de Khanty-Mansiysk 2010"]
[Site "Khanty-Mansiysk RUS"]
[Date "2010.09.23"]
[Round "3.4"]
[White "Samhouri, Bilal"]
[Black "Gaealafshwe, Barileng"]
[Result "1-0"]
[WhiteElo "2269"]
[BlackElo "2172"]
[PlyCount "69"]
[EventDate "2010.09.21"]
[EventType "team"]
[EventRounds "11"]
[EventCountry "RUS"]
[Source "lmi"]
[SourceDate "2010.09.21"]
[WhiteTeam "Jordania"]
[BlackTeam "Botswana"]
[WhiteTeamCountry "JOR"]
[BlackTeamCountry "BOT"]

1. d4 d5 2. c4 c6 3. Nc3 Nf6 4. cxd5 cxd5 5. Nf3 Nc6 6. Bf4 a6 7. e3 e6 8. Bd3
Bd6 9. Bg5 h6 10. Bh4 O-O 11. Rc1 Bd7 12. O-O Rc8 13. Re1 Be7 14. Ne5 Nxe5 15.
dxe5 Nh7 16. Bg3 f5 17. exf6 Nxf6 18. Qe2 Bc6 19. Rcd1 Bd6 20. e4 Bxg3 21. hxg3
Qe8 22. e5 Nd7 23. Bb1 Qe7 24. Qd3 Rf5 25. g4 Rxe5 26. Qh7+ Kf7 27. Rxe5 Nxe5
28. f4 Nd7 29. Bg6+ Kf6 30. g5+ hxg5 31. fxg5+ Kxg5 32. Qh5+ Kf4 33. g3+ Kxg3
34. Rd3+ Kf4 35. Rf3# 1-0

[Event "Olimpiada de Khanty-Mansiysk 2010"]
[Site "Khanty-Mansiysk RUS"]
[Date "2010.09.23"]
[Round "3.1"]
[White "Baules, Jorge"]
[Black "Salem, A R  Saleh"]
[Result "0-1"]
[WhiteElo "2335"]
[BlackElo "2501"]
[PlyCount "64"]
[EventDate "2010.09.21"]
[EventType "team"]
[EventRounds "11"]
[EventCountry "RUS"]
[Source "lmi"]
[SourceDate "2010.09.21"]
[WhiteTeam "Panamá"]
[BlackTeam "Emiratos Arabes Unidos"]
[WhiteTeamCountry "PAN"]
[BlackTeamCountry "UAE"]

1. e4 c5 2. Nf3 d6 3. d4 cxd4 4. Nxd4 Nf6 5. Nc3 Nc6 6. f3 e5 7. Nb3 Be7 8. Be3
O-O 9. Qd2 Be6 10. O-O-O a5 11. Bb5 Na7 12. a4 Nxb5 13. Nxb5 Ra6 14. g4 Qc8 15.
Kb1 Qc4 16. Nc3 Rc8 17. h4 Raa8 18. g5 Ne8 19. g6 b5 20. Nxb5 Qxa4 21. Nc3 Qc4
22. Nc1 Nf6 23. gxh7+ Kh8 24. Rdg1 Rab8 25. N1a2 d5 26. Bh6 gxh6 27. Qxh6 Ng4
28. Rxg4 Bxg4 29. Rg1 Rc6 30. Qd2 d4 31. Nd5 Ba3 32. b3 Rxb3+ 0-1

[Event "Olimpiada de Khanty-Mansiysk 2010"]
[Site "Khanty-Mansiysk RUS"]
[Date "2010.09.23"]
[Round "3.2"]
[White "AlHuwar, Jasem"]
[Black "Sanchez, Jorge"]
[Result "1-0"]
[WhiteElo "2265"]
[BlackElo "2163"]
[PlyCount "117"]
[EventDate "2010.09.21"]
[EventType "team"]
[EventRounds "11"]
[EventCountry "RUS"]
[Source "lmi"]
[SourceDate "2010.09.21"]
[WhiteTeam "Emiratos Arabes Unidos"]
[BlackTeam "Panamá"]
[WhiteTeamCountry "UAE"]
[BlackTeamCountry "PAN"]

1. Nf3 Nf6 2. g3 g6 3. b3 Bg7 4. Bb2 O-O 5. Bg2 c6 6. O-O d5 7. c4 Nbd7 8. Qc2
Re8 9. Ne5 Nxe5 10. Bxe5 Bf5 11. d3 Qd7 12. Nd2 Qe6 13. Qb2 Bh6 14. Nf3 Bh3 15.
Bxh3 Qxh3 16. Bxf6 exf6 17. cxd5 cxd5 18. e3 Rac8 19. Rac1 Qf5 20. Qe2 Bf8 21.
Nd4 Qe5 22. Rc2 Rxc2 23. Qxc2 a6 24. Qc3 h5 25. Rc1 Bd6 26. Nf3 Qf5 27. Kg2 Kg7
28. Qd4 Qe6 29. Qa7 Qd7 30. Qd4 Qe6 31. b4 Be5 32. Qa7 Qd7 33. Qc5 Bb8 34. Qa5
Rd8 35. b5 axb5 36. Rb1 h4 37. Nxh4 Rh8 38. Qxb5 Qe6 39. Qxb7 d4 40. Qb3 Qg4
41. Qd1 Qe6 42. e4 Qxa2 43. Rb7 Qe6 44. Qb3 Qxb3 45. Rxb3 Rc8 46. Nf3 Ba7 47.
Rb7 Bc5 48. Nd2 Bf8 49. Rd7 Rc3 50. Rxd4 Bc5 51. Rd5 Rc2 52. d4 Ba7 53. Nf3 g5
54. e5 g4 55. exf6+ Kxf6 56. Ng5 Kg6 57. Nxf7 Rd2 58. Ne5+ Kf5 59. Nf3+ 1-0

[Event "Olimpiada de Khanty-Mansiysk 2010"]
[Site "Khanty-Mansiysk RUS"]
[Date "2010.09.23"]
[Round "3.3"]
[White "Arosemena, Jose Luis"]
[Black "Al Ali, Omar Noaman"]
[Result "1/2-1/2"]
[WhiteElo "2203"]
[BlackElo "2220"]
[PlyCount "46"]
[EventDate "2010.09.21"]
[EventType "team"]
[EventRounds "11"]
[EventCountry "RUS"]
[Source "lmi"]
[SourceDate "2010.09.21"]
[WhiteTeam "Panamá"]
[BlackTeam "Emiratos Arabes Unidos"]
[WhiteTeamCountry "PAN"]
[BlackTeamCountry "UAE"]

1. e4 c6 2. d4 d5 3. Nd2 dxe4 4. Nxe4 Bf5 5. Ng3 Bg6 6. h4 h6 7. Nf3 Nd7 8. h5
Bh7 9. Bd3 Bxd3 10. Qxd3 e6 11. Bf4 Qa5+ 12. Bd2 Qc7 13. O-O-O Ngf6 14. c4
O-O-O 15. Bc3 Bd6 16. Ne4 Nxe4 17. Qxe4 c5 18. Kb1 Nf6 19. Qe2 cxd4 20. Nxd4 a6
21. Nb3 Qc6 22. f3 Bc7 23. Nd4 Qc5 1/2-1/2

[Event "Olimpiada de Khanty-Mansiysk 2010"]
[Site "Khanty-Mansiysk RUS"]
[Date "2010.09.23"]
[Round "3.4"]
[White "Ismail, Ibrahem Y"]
[Black "Mathews, Cesar"]
[Result "1/2-1/2"]
[WhiteElo "2105"]
[BlackElo "1960"]
[PlyCount "91"]
[EventDate "2010.09.21"]
[EventType "team"]
[EventRounds "11"]
[EventCountry "RUS"]
[Source "lmi"]
[SourceDate "2010.09.21"]
[WhiteTeam "Emiratos Arabes Unidos"]
[BlackTeam "Panamá"]
[WhiteTeamCountry "UAE"]
[BlackTeamCountry "PAN"]

1. e4 e5 2. Nf3 Nc6 3. Bc4 Bc5 4. b4 Bxb4 5. c3 Ba5 6. d4 exd4 7. Qb3 Qe7 8.
O-O Bb6 9. cxd4 Nxd4 10. Nxd4 Bxd4 11. Nc3 Nf6 12. Nb5 Bxa1 13. Nxc7+ Kd8 14.
Nxa8 Bd4 15. Bf4 Nxe4 16. Bxf7 Qc5 17. Qf3 d5 18. Rc1 Bc3 19. Be3 d4 20. Qxe4
dxe3 21. Qd3+ Qd4 22. Rxc3 exf2+ 23. Kf1 Qxd3+ 24. Rxd3+ Ke7 25. Bc4 Bf5 26.
Rf3 g6 27. Nc7 Rc8 28. Nd5+ Kd6 29. Bb3 Be4 30. Rf6+ Ke5 31. Re6+ Kd4 32. Nf6
Bf5 33. Re7 Rf8 34. Rf7 Rxf7 35. Bxf7 Ke3 36. Nd5+ Kd4 37. Kxf2 b5 38. Ne7 Be4
39. g4 a5 40. Be8 Bb1 41. Bxb5 Bxa2 42. Ba4 Kc5 43. Nc6 Bd5 44. Ne7 Be6 45. g5
Kd6 46. Nc6 1/2-1/2

[Event "Olimpiada de Khanty-Mansiysk 2010"]
[Site "Khanty-Mansiysk RUS"]
[Date "2010.09.23"]
[Round "3.1"]
[White "Patriarca, Luis Carlos"]
[Black "Gemy, Jose Daniel"]
[Result "1/2-1/2"]
[WhiteElo "2308"]
[BlackElo "2325"]
[PlyCount "80"]
[EventDate "2010.09.21"]
[EventType "team"]
[EventRounds "11"]
[EventCountry "RUS"]
[Source "lmi"]
[SourceDate "2010.09.21"]
[WhiteTeam "Paraguay"]
[BlackTeam "Bolivia"]
[WhiteTeamCountry "PAR"]
[BlackTeamCountry "BOL"]

1. c4 Nf6 2. Nc3 e6 3. Nf3 d5 4. cxd5 Nxd5 5. e4 Nxc3 6. bxc3 c5 7. d4 Be7 8.
Bb5+ Nd7 9. O-O O-O 10. Bd3 b6 11. Qe2 Bb7 12. a4 Qc7 13. Bd2 c4 14. Bc2 a6 15.
e5 Rae8 16. Rfb1 f6 17. exf6 Bxf6 18. Be4 Bxe4 19. Qxe4 e5 20. Be3 exd4 21.
Qd5+ Kh8 22. Bxd4 Bxd4 23. Qxd4 Rf4 24. Re1 Ref8 25. Re4 Rxe4 26. Qxe4 Nf6 27.
Qh4 Re8 28. Qd4 Re4 29. Qd2 h6 30. h3 Qd7 31. Qxd7 Nxd7 32. Nd2 Re6 33. Nxc4
Rc6 34. Rd1 Rxc4 35. Rxd7 Rxa4 36. Rb7 Ra1+ 37. Kh2 Rb1 38. c4 Rb4 39. Ra7 Ra4
40. Rb7 Rb4 1/2-1/2

[Event "Olimpiada de Khanty-Mansiysk 2010"]
[Site "Khanty-Mansiysk RUS"]
[Date "2010.09.23"]
[Round "3.2"]
[White "Mendoza, Rodrigo"]
[Black "Latorre, Manuel"]
[Result "1/2-1/2"]
[WhiteElo "2124"]
[BlackElo "2284"]
[PlyCount "43"]
[EventDate "2010.09.21"]
[EventType "team"]
[EventRounds "11"]
[EventCountry "RUS"]
[Source "lmi"]
[SourceDate "2010.09.21"]
[WhiteTeam "Bolivia"]
[BlackTeam "Paraguay"]
[WhiteTeamCountry "BOL"]
[BlackTeamCountry "PAR"]

1. d4 Nf6 2. c4 g6 3. Nc3 Bg7 4. Bg5 d6 5. Nf3 h6 6. Bh4 O-O 7. e3 c5 8. Bd3
Bg4 9. Be2 Qb6 10. Qd2 Nc6 11. Bxf6 exf6 12. Nd5 Qd8 13. dxc5 dxc5 14. O-O Be6
15. Rfd1 f5 16. Rac1 g5 17. g3 Qb8 18. h4 g4 19. Ne1 Rd8 20. Nd3 b6 21. N3f4
Be5 22. Qc2 1/2-1/2

[Event "Olimpiada de Khanty-Mansiysk 2010"]
[Site "Khanty-Mansiysk RUS"]
[Date "2010.09.23"]
[Round "3.3"]
[White "Vazquez, Guillermo"]
[Black "Borda, Alan"]
[Result "1/2-1/2"]
[WhiteElo "2166"]
[BlackElo "2164"]
[PlyCount "54"]
[EventDate "2010.09.21"]
[EventType "team"]
[EventRounds "11"]
[EventCountry "RUS"]
[Source "lmi"]
[SourceDate "2010.09.21"]
[WhiteTeam "Paraguay"]
[BlackTeam "Bolivia"]
[WhiteTeamCountry "PAR"]
[BlackTeamCountry "BOL"]

1. Nf3 Nf6 2. g3 e6 3. Bg2 d5 4. O-O Be7 5. c4 c6 6. b3 O-O 7. Bb2 Nbd7 8. d3
b6 9. Nbd2 Ba6 10. Qc2 Rc8 11. e4 Qc7 12. e5 Ne8 13. Rfe1 g6 14. h4 Ng7 15. Bh3
Bb7 16. Nf1 c5 17. N1h2 h5 18. cxd5 Bxd5 19. Qd2 Qb7 20. Ng5 Rcd8 21. Ne4 Bxe4
22. Rxe4 Nb8 23. Rd1 Nc6 24. Bg2 Qc7 25. Qc1 Rd7 26. Qc4 Rfd8 27. a3 Nf5
1/2-1/2

[Event "Olimpiada de Khanty-Mansiysk 2010"]
[Site "Khanty-Mansiysk RUS"]
[Date "2010.09.23"]
[Round "3.4"]
[White "Angulo, P  Carlos"]
[Black "Peralta, Eduardo"]
[Result "1/2-1/2"]
[WhiteElo "2210"]
[BlackElo "2266"]
[PlyCount "131"]
[EventDate "2010.09.21"]
[EventType "team"]
[EventRounds "11"]
[EventCountry "RUS"]
[Source "lmi"]
[SourceDate "2010.09.21"]
[WhiteTeam "Bolivia"]
[BlackTeam "Paraguay"]
[WhiteTeamCountry "BOL"]
[BlackTeamCountry "PAR"]

1. e4 c5 2. Nf3 Nc6 3. d4 cxd4 4. Nxd4 g6 5. c4 Bg7 6. Be3 Nf6 7. Nc3 d6 8. Be2
O-O 9. Qd2 Nxd4 10. Bxd4 Qa5 11. Bxf6 exf6 12. Nd5 Qd8 13. Bd3 Be6 14. O-O Bxd5
15. cxd5 Qb6 16. Rac1 Rfe8 17. Rc4 Rac8 18. Rxc8 Rxc8 19. Rc1 Rxc1+ 20. Qxc1 f5
21. Qc8+ Bf8 22. exf5 Qxb2 23. fxg6 hxg6 24. Qc4 a6 25. a4 Be7 26. g3 Bf6 27.
Kg2 Kg7 28. Qc2 Qd4 29. Qc4 Qb6 30. f4 Bd4 31. h3 Qb2+ 32. Qc2 Qa1 33. Bf1 Bc5
34. Qc4 Qb2+ 35. Be2 b5 36. axb5 axb5 37. Qxb5 Qd4 38. h4 Qg1+ 39. Kh3 Qh1+ 40.
Kg4 Kh6 41. f5 Qe4+ 42. Kh3 Qxf5+ 43. Kh2 Qxd5 44. Qd3 Qe5 45. Qf3 d5 46. Bd3
Kg7 47. Kg2 Qb2+ 48. Kh3 Qe5 49. Kg2 Bd6 50. Bc2 Qb2 51. Qd3 Be5 52. Kf3 Qc1
53. Qd1 Qa3+ 54. Qd3 Qc5 55. Kg2 Bd4 56. Bb3 Kf6 57. Qf3+ Ke6 58. g4 Qa5 59. h5
Qd2+ 60. Kf1 Qc1+ 61. Ke2 Qb2+ 62. Kf1 Qa1+ 63. Ke2 Qa6+ 64. Kd1 Qa1+ 65. Ke2
Qb2+ 66. Kd1 1/2-1/2

[Event "Olimpiada de Khanty-Mansiysk 2010"]
[Site "Khanty-Mansiysk RUS"]
[Date "2010.09.23"]
[Round "3.1"]
[White "Harper, Ryan"]
[Black "Amonatov, Farrukh"]
[Result "0-1"]
[WhiteElo "2233"]
[BlackElo "2602"]
[PlyCount "54"]
[EventDate "2010.09.21"]
[EventType "team"]
[EventRounds "11"]
[EventCountry "RUS"]
[Source "lmi"]
[SourceDate "2010.09.21"]
[WhiteTeam "Trinidad y Tobago"]
[BlackTeam "Tayikistán"]
[WhiteTeamCountry "TRI"]
[BlackTeamCountry "TJK"]

1. e4 c5 2. Nf3 d6 3. d4 cxd4 4. Nxd4 Nf6 5. Nc3 a6 6. Be3 e5 7. Nde2 Be7 8.
Ng3 O-O 9. Bc4 Be6 10. Bd5 Nxd5 11. Nxd5 Nd7 12. O-O Rc8 13. c3 Re8 14. a4 Bg5
15. Bxg5 Qxg5 16. a5 g6 17. Ne3 Rc6 18. Ra4 Qd8 19. Nd5 Rc5 20. Rb4 Qc8 21. Ne3
Qc6 22. Qd2 b6 23. Nef5 bxa5 24. Qh6 Bxf5 25. exf5 axb4 26. Nh5 gxh5 27. Qg5+
Kh8 0-1

[Event "Olimpiada de Khanty-Mansiysk 2010"]
[Site "Khanty-Mansiysk RUS"]
[Date "2010.09.23"]
[Round "3.2"]
[White "Isaev, Jamshed"]
[Black "Cabralis, Keron"]
[Result "1-0"]
[WhiteElo "2382"]
[BlackElo "2169"]
[PlyCount "73"]
[EventDate "2010.09.21"]
[EventType "team"]
[EventRounds "11"]
[EventCountry "RUS"]
[Source "lmi"]
[SourceDate "2010.09.21"]
[WhiteTeam "Tayikistán"]
[BlackTeam "Trinidad y Tobago"]
[WhiteTeamCountry "TJK"]
[BlackTeamCountry "TRI"]

1. e4 c5 2. Nf3 Nc6 3. d4 cxd4 4. Nxd4 Nf6 5. Nc3 e5 6. Ndb5 d6 7. Bg5 a6 8.
Na3 b5 9. Bxf6 gxf6 10. Nd5 Bg7 11. Bd3 Ne7 12. Nxe7 Qxe7 13. Qf3 O-O 14. O-O
f5 15. c4 Rb8 16. exf5 bxc4 17. Nxc4 Bb7 18. Be4 d5 19. Bxd5 e4 20. f6 Bxf6 21.
Qg4+ Bg7 22. Rad1 Kh8 23. b3 Bc3 24. Bxb7 Rxb7 25. Rd5 Rb5 26. Rd7 Qg5 27. Qxg5
Rxg5 28. Nd6 Ra5 29. Nxe4 Bg7 30. a4 h6 31. Rc1 f5 32. Nd6 Rb8 33. g3 f4 34.
gxf4 Bf6 35. Rc6 Kg8 36. Ne4 Bg7 37. Rg6 1-0

[Event "Olimpiada de Khanty-Mansiysk 2010"]
[Site "Khanty-Mansiysk RUS"]
[Date "2010.09.23"]
[Round "3.3"]
[White "Yee, Frank"]
[Black "Djuraev, Sokhib"]
[Result "0-1"]
[WhiteElo "2106"]
[BlackElo "2397"]
[PlyCount "86"]
[EventDate "2010.09.21"]
[EventType "team"]
[EventRounds "11"]
[EventCountry "RUS"]
[Source "lmi"]
[SourceDate "2010.09.21"]
[WhiteTeam "Trinidad y Tobago"]
[BlackTeam "Tayikistán"]
[WhiteTeamCountry "TRI"]
[BlackTeamCountry "TJK"]

1. e4 d6 2. d4 g6 3. f4 Bg7 4. Nf3 Nf6 5. Bd3 c5 6. c3 cxd4 7. cxd4 O-O 8. O-O
Nc6 9. Nc3 Bg4 10. d5 Qb6+ 11. Kh1 Nb4 12. Bb1 Rfc8 13. a3 Na6 14. Na4 Qd8 15.
Be3 Nd7 16. Bd3 Nac5 17. Rb1 a6 18. h3 Bxf3 19. Rxf3 Nxd3 20. Qxd3 b5 21. Nc3
Nc5 22. Bxc5 Rxc5 23. Rbf1 Rac8 24. e5 Qd7 25. Ne4 Rc1 26. Ng5 Qf5 27. Ne4
Rxf1+ 28. Rxf1 Rc4 29. Re1 Qxf4 30. exd6 Rc1 31. Qe2 exd6 32. g3 Rxe1+ 33. Qxe1
Qe5 34. Qb1 f5 35. Nc3 Qxg3 36. Qf1 Be5 37. Qg2 Qxg2+ 38. Kxg2 Bxc3 39. bxc3
Kf7 40. Kf3 Kf6 41. Kf4 g5+ 42. Ke3 Ke5 43. Kd3 Kxd5 0-1

[Event "Olimpiada de Khanty-Mansiysk 2010"]
[Site "Khanty-Mansiysk RUS"]
[Date "2010.09.23"]
[Round "3.4"]
[White "Khouseinov, Rashid"]
[Black "Singh, Ravishen"]
[Result "1-0"]
[WhiteElo "2364"]
[BlackElo "2089"]
[PlyCount "72"]
[EventDate "2010.09.21"]
[EventType "team"]
[EventRounds "11"]
[EventCountry "RUS"]
[Source "lmi"]
[SourceDate "2010.09.21"]
[WhiteTeam "Tayikistán"]
[BlackTeam "Trinidad y Tobago"]
[WhiteTeamCountry "TJK"]
[BlackTeamCountry "TRI"]

1. g3 Nf6 2. Bg2 g6 3. b4 Bg7 4. Bb2 O-O 5. Nf3 c6 6. O-O Na6 7. a3 Nc7 8. c4
d6 9. d3 a5 10. Nbd2 Bg4 11. h3 Bd7 12. Qb3 Qc8 13. Kh2 Ne6 14. Bc3 axb4 15.
axb4 Qc7 16. e4 b5 17. e5 bxc4 18. dxc4 Nh5 19. exd6 exd6 20. Ne4 Rxa1 21. Rxa1
f5 22. Neg5 h6 23. Nxe6 Bxe6 24. Nd4 Bf7 25. Nxc6 f4 26. Bxg7 Nxg7 27. Qc3
fxg3+ 28. fxg3 Nf5 29. Ra7 Qb6 30. c5 dxc5 31. Qf6 Qxa7 32. Nxa7 cxb4 33. Nc6
b3 34. g4 Ng7 35. Be4 Re8 36. Ne7+ Kf8 1-0

[Event "Olimpiada de Khanty-Mansiysk 2010"]
[Site "Khanty-Mansiysk RUS"]
[Date "2010.09.23"]
[Round "3.1"]
[White "Luther, Thomas"]
[Black "Buhmann, Rainer"]
[Result "1/2-1/2"]
[WhiteElo "2545"]
[BlackElo "2563"]
[PlyCount "33"]
[EventDate "2010.09.21"]
[EventType "team"]
[EventRounds "11"]
[EventCountry "RUS"]
[Source "lmi"]
[SourceDate "2010.09.21"]
[WhiteTeam "IPC"]
[BlackTeam "Alemania"]
[BlackTeamCountry "GER"]

1. e4 e5 2. Nf3 Nc6 3. Bb5 Nf6 4. O-O Nxe4 5. Re1 Nd6 6. Nxe5 Be7 7. Bf1 Nf5 8.
Nf3 O-O 9. d4 d5 10. c3 Nh4 11. Nxh4 Bxh4 12. Nd2 Bf6 13. Bd3 Ne7 14. Nf3 Bf5
15. Bg5 Bxg5 16. Nxg5 Bxd3 17. Qxd3 1/2-1/2

[Event "Olimpiada de Khanty-Mansiysk 2010"]
[Site "Khanty-Mansiysk RUS"]
[Date "2010.09.23"]
[Round "3.3"]
[White "Yarmonov, Igor"]
[Black "Kraemer, Martin"]
[Result "0-1"]
[WhiteElo "2335"]
[BlackElo "2516"]
[PlyCount "66"]
[EventDate "2010.09.21"]
[EventType "team"]
[EventRounds "11"]
[EventCountry "RUS"]
[Source "lmi"]
[SourceDate "2010.09.21"]
[WhiteTeam "IPC"]
[BlackTeam "Alemania"]
[BlackTeamCountry "GER"]

1. d4 Nf6 2. c4 e6 3. Nc3 Bb4 4. Qc2 c5 5. dxc5 O-O 6. a3 Bxc5 7. Nf3 b6 8. e3
Bb7 9. Bd3 Be7 10. O-O d6 11. Ne4 Nbd7 12. Nxf6+ Nxf6 13. e4 Rc8 14. Qe2 Nd7
15. b4 Bf6 16. Rb1 Re8 17. Be3 Qc7 18. Rfd1 g6 19. Rbc1 Bg7 20. Nd4 Qb8 21. Bc2
a6 22. Ba4 Red8 23. f3 Ba8 24. Bxd7 Rxd7 25. b5 axb5 26. Nxb5 d5 27. cxd5 exd5
28. Rxc8+ Qxc8 29. exd5 Bxd5 30. Bxb6 Bc4 31. Rc1 Qb8 32. Rxc4 Qxb6+ 33. Kh1
Qxb5 0-1

[Event "Olimpiada de Khanty-Mansiysk 2010"]
[Site "Khanty-Mansiysk RUS"]
[Date "2010.09.23"]
[Round "3.4"]
[White "Huschenbeth, Niclas"]
[Black "Vodyasov, Evgeny"]
[Result "1-0"]
[WhiteElo "2461"]
[BlackElo "2217"]
[PlyCount "97"]
[EventDate "2010.09.21"]
[EventType "team"]
[EventRounds "11"]
[EventCountry "RUS"]
[Source "lmi"]
[SourceDate "2010.09.21"]
[WhiteTeam "Alemania"]
[BlackTeam "IPC"]
[WhiteTeamCountry "GER"]

1. e4 e6 2. d4 d5 3. Nc3 Nf6 4. e5 Nfd7 5. f4 c5 6. Nf3 Nc6 7. Be3 a6 8. Qd2 b5
9. a3 Qb6 10. Ne2 c4 11. g4 h5 12. gxh5 Rxh5 13. Ng3 Rh8 14. h4 Be7 15. h5 Nf8
16. Bh3 Bd7 17. f5 c3 18. bxc3 Na5 19. h6 gxh6 20. f6 Nc4 21. fxe7 Nxd2 22.
exf8=Q+ Rxf8 23. Bxd2 O-O-O 24. Nh5 Rh8 25. Nf6 Qc7 26. Kf2 Kb8 27. Bf1 Bc6 28.
Bd3 Ka7 29. Rhg1 Rb8 30. Rg7 Rb7 31. Bh7 Qa5 32. Rgg1 Qd8 33. Bd3 Rc7 34. Be2
Qc8 35. Rab1 Qf8 36. Rb3 Rb7 37. Ne1 Rc7 38. Nd3 Qe7 39. Nc5 Qf8 40. Be3 Qe7
41. Bh5 Qf8 42. Rbb1 Qe7 43. Rb3 Qf8 44. Rb4 Qe7 45. Rg7 Qf8 46. Nxe6 fxe6 47.
Rxc7+ Kb6 48. Rf7 Qc8 49. c4 1-0

[Event "Olimpiada de Khanty-Mansiysk 2010"]
[Site "Khanty-Mansiysk RUS"]
[Date "2010.09.23"]
[Round "3.1"]
[White "Lee, Sanghoon"]
[Black "Sorensen, Torben"]
[Result "1/2-1/2"]
[WhiteElo "2146"]
[BlackElo "2418"]
[PlyCount "86"]
[EventDate "2010.09.21"]
[EventType "team"]
[EventRounds "11"]
[EventCountry "RUS"]
[Source "lmi"]
[SourceDate "2010.09.21"]
[WhiteTeam "Corea"]
[BlackTeam "Malta"]
[WhiteTeamCountry "KOR"]
[BlackTeamCountry "MLT"]

1. d4 f5 2. g3 Nf6 3. Bg2 g6 4. c4 Bg7 5. Nf3 O-O 6. O-O d6 7. Nc3 Qe8 8. d5
Na6 9. Rb1 c6 10. b4 Nc7 11. Qb3 cxd5 12. Nxd5 Nfxd5 13. cxd5 Qb5 14. Bg5 Rf7
15. Rfc1 e6 16. dxe6 Bxe6 17. Qc2 Bd5 18. a4 Qe8 19. Ne1 Be4 20. Bxe4 fxe4 21.
Bf4 Qe6 22. Qb3 Nd5 23. Ng2 Raf8 24. Rd1 Nxf4 25. Nxf4 Qxb3 26. Rxb3 Bh6 27. e3
Bxf4 28. gxf4 g5 29. Rxd6 gxf4 30. exf4 Rxf4 31. Rg3+ Kh8 32. Rd7 Rxf2 33. Rgg7
Rf1+ 34. Kg2 R1f2+ 35. Kg1 Rf1+ 36. Kg2 R8f2+ 37. Kh3 Rf3+ 38. Kg2 R1f2+ 39.
Kg1 e3 40. Rxh7+ Kg8 41. Rdg7+ Kf8 42. Rxb7 Rf1+ 43. Kg2 R1f2+ 1/2-1/2